Covid-19 Pandemic and Its Impact on Labor Force: A New Model Based on Social Stress Theory and Prospect Theory

Návrh novej teórie, ktorá môže integrovať sociálny a finančný stres pracovnej sily počas pandemickej situácie. Tri hlavné konštrukty sociálneho stresu a tri hlavné stresory - všeobecné obavy s diagnostikovaním choroby korovanírusu, obavy z choroby, ktorá postihne blízkych a strach z používania verej...

Descripción completa

Guardado en:
Detalles Bibliográficos
Autor principal: Manojkrishnan, C. G.
Otros Autores: Aravind, M.
Formato: Capítulo de libro
Lenguaje:inglés
Materias:
Etiquetas: Agregar Etiqueta
Sin Etiquetas, Sea el primero en etiquetar este registro!

MARC

LEADER 00000naa a2200000 4500
001 0268839
005 20201116123230.8
041 0 |a eng 
044 |a CZ 
245 1 0 |a Covid-19 Pandemic and Its Impact on Labor Force: A New Model Based on Social Stress Theory and Prospect Theory  |c C. G. Manojkrishnan, M. Aravind 
520 |a Návrh novej teórie, ktorá môže integrovať sociálny a finančný stres pracovnej sily počas pandemickej situácie. Tri hlavné konštrukty sociálneho stresu a tri hlavné stresory - všeobecné obavy s diagnostikovaním choroby korovanírusu, obavy z choroby, ktorá postihne blízkych a strach z používania verejných služieb. 
610 2 0 |a sily pracovné 
610 2 0 |a vírusy 
610 2 0 |a ochrana zdravia 
610 2 0 |a stresy 
610 2 0 |a koronavírus 
610 2 0 |a pandémia 
100 1 |a Manojkrishnan, C. G. 
700 1 |a Aravind, M.